Droit des affaires : Cours et exercices corrigés (notice n° 1566117)
[ vue normale ]
| 000 -LEADER | |
|---|---|
| fixed length control field | 00846cam a2200133 4500500 |
| 005 - DATE AND TIME OF LATEST TRANSACTION | |
| control field | 20251214001352.0 |
| 041 ## - LANGUAGE CODE | |
| Language code of text/sound track or separate title | fre |
| 042 ## - AUTHENTICATION CODE | |
| Authentication code | dc |
| 100 10 - MAIN ENTRY--PERSONAL NAME | |
| Personal name | Lebel, Christine |
| Relator term | author |
| 245 00 - TITLE STATEMENT | |
| Title | Droit des affaires : Cours et exercices corrigés |
| 260 ## - PUBLICATION, DISTRIBUTION, ETC. | |
| Name of publisher, distributor, etc. | Armand Colin,<br/> |
| Date of publication, distribution, etc. | 2012.<br/> |
| 520 ## - SUMMARY, ETC. | |
| Summary, etc. | Le droit des affaires est une matière technique, souvent déroutante pour les étudiants et de plus en plus enseignée dès L2-L3. Conforme à l'esprit des Cursus-Droit, cet ouvrage offre un cours synthétique et de nombreux exercices corrigés. Un plus pour réussir ses examens. Christine Lebel est maître de conférences HDR en droit privé à la Faculté de droit de Nancy (Institut François Geny — Université de Lorraine). |
| 856 41 - ELECTRONIC LOCATION AND ACCESS | |
| Uniform Resource Identifier | <a href="https://droit.cairn.info/droit-des-affaires--9782200274382?lang=fr&redirect-ssocas=7080">https://droit.cairn.info/droit-des-affaires--9782200274382?lang=fr&redirect-ssocas=7080</a> |
Pas d'exemplaire disponible.




Réseaux sociaux